| 000 | 00631pam a2200181 i 4500 | ||
|---|---|---|---|
| 020 | _a0824805771 | ||
| 040 | _cDLC | ||
| 082 | 0 | 0 | _a338 PUB 1978 A015 Or. |
| 245 | 0 | 0 |
_aPalm sago : _ba tropical starch from marginal lands / |
| 260 |
_aHonolulu : _bPublished for the East-West Center by the University Press of Hawaii, _cc1978. |
||
| 300 |
_axvi, 207 p. : _bill. ; _c23 cm. |
||
| 500 | _a"An East-West Center book from the East-West Technology and Development Institute." | ||
| 500 | _aIncludes index. | ||
| 650 | 0 | _aSago. | |
| 700 | 1 | _aRuddle, Kenneth. | |
| 710 | 2 | _aEast-West Technology and Development Institute. | |
| 942 | _cEK | ||
| 999 |
_c11356 _d11356 |
||